| 000 -LEADER |
| fixed length control field |
01979nam a22001577a 4500 |
| 008 - FIXED-LENGTH DATA ELEMENTS--GENERAL INFORMATION |
| fixed length control field |
211217b ||||| |||| 00| 0 eng d |
| 100 ## - MAIN ENTRY--PERSONAL NAME |
| Personal name |
Park-Ozee, Dakota and Jarvis, Sharon E. |
| 245 ## - TITLE STATEMENT |
| Title |
What does rigged mean: Partisan and widely shared perceptions of threats to elections |
| 260 ## - PUBLICATION, DISTRIBUTION, ETC. (IMPRINT) |
| Place of publication, distribution, etc |
American Behavioral Scientist |
| 300 ## - PHYSICAL DESCRIPTION |
| Extent |
65(4), Apr, 2021: p.587-599 |
| 520 ## - SUMMARY, ETC. |
| Summary, etc |
This article is a piece of a larger line of research supported by the Democracy Fund studying how to communicate about threats to elections in ways that do not dampen people’s desire to vote or make them question the integrity of electoral outcomes. It reports findings from a computerized text analysis of 2,970 open-ended survey responses in the field during the fall of 2018 to the prompt “when people say that elections are rigged, what do you think they mean?” Four key themes emerged in the data: (1) Democrats and Republicans were equally likely to regard electoral outcomes as predetermined, (2) Republicans were twice as likely to be concerned about illegal voting than Democrats, (3) Democrats were slightly more likely to be upset about money in politics than Republicans, and (4) Democrats were twice as likely to be preoccupied with Russian meddling than Republicans. A qualitative analysis of the first theme revealed both similarities across partisans as well as how Democrats focus on how threats to elections benefit people already in power, whereas Republicans worry that elections are threatened by ordinary people cheating. These findings, and the nuances contributing to them, raise new paths for research on communicating about elections without decreasing people’s faith in them. – Reproduced |
| 650 ## - SUBJECT ADDED ENTRY--TOPICAL TERM |
| Topical term or geographic name as entry element |
Elections in the United States, Threats to elections, Trust in elections, Rigged, Computerized text analysis, Open-ended survey responses, Donald J. Trump |
| 9 (RLIN) |
28868 |
| 773 ## - HOST ITEM ENTRY |
| Main entry heading |
American Behavioral Scientist |
| 906 ## - LOCAL DATA ELEMENT F, LDF (RLIN) |
| Subject DIP |
ELECTIONS |
| 942 ## - ADDED ENTRY ELEMENTS (KOHA) |
| Item type |
Articles |